Normal view
MARC view
- Hass
Entry Personal Name
001 - CONTROL NUMBER
- control field: 133463
003 - CONTROL NUMBER IDENTIFIER
- control field: NUST
005 - DATE AND TIME OF LATEST TRANSACTION
- control field: 20260225142901.0
008 - FIXED-LENGTH DATA ELEMENTS
- fixed length control field: 260225|| aca||aabn | a|a d
040 ## - CATALOGING SOURCE
- Original cataloging agency: NUST
- Transcribing agency: NUST
100 ## - HEADING--PERSONAL NAME
- Personal name: Hass
670 ## - SOURCE DATA FOUND
- Source citation: Work cat.: (NUST)616422: Hass, Thomas' Calculus - 15th Edition SI Units
